00441nmm a2200157Ia 4500008004100000041000800041100002100049245002300070264005100093300001800144490001400162650002900176856005200205942000700257999001900264251105s9999||||xx |||||||||||||||||und|| aspa aKallmaker, Karin 0aUn peldaño más a[Madrid, España] :bEditorial Egales, c2018 a324 páginas aNarrativa aNorth American narrative uhttps://public.digitaliapublishing.com/a/175330 cCF c100146d100146